Proceedings of Railroad Forest Protection Conference, Harrisburg, Pa., (Record no. 9214)

MARC details
000 -LEADER
fixed length control field 00810cam a22002291 4500
001 - CONTROL NUMBER
control field agr28001486
003 - CONTROL NUMBER IDENTIFIER
control field DLC
005 - DATE AND TIME OF LATEST TRANSACTION
control field 20260227110948.0
008 - FIXED-LENGTH DATA ELEMENTS--GENERAL INFORMATION
fixed length control field 920729s1928 paua 100 0 eng c
010 ## - LIBRARY OF CONGRESS CONTROL NUMBER
LC control number agr28001486
035 ## - SYSTEM CONTROL NUMBER
System control number (OCoLC)26281164
040 ## - CATALOGING SOURCE
Original cataloging agency Library, U.S. Dept. of Agriculture
Transcribing agency CSt
Modifying agency CSt
-- DLC
042 ## - AUTHENTICATION CODE
Authentication code premarc
050 00 - LIBRARY OF CONGRESS CALL NUMBER
Classification number SD12
Item number .P33 no. 45
070 0# - NATIONAL AGRICULTURAL LIBRARY CALL NUMBER
Classification number 99.9
Item number P38B no.45
111 2# - MAIN ENTRY--MEETING NAME
Meeting name or jurisdiction name as entry element Railroad Forest Protection Conference
Date of meeting or treaty signing (1927 :
Location of meeting Harrisburg, Pa.)
245 00 - TITLE STATEMENT
Title Proceedings of Railroad Forest Protection Conference, Harrisburg, Pa.,
Remainder of title December 6 and 7, 1927 ...
260 ## - PUBLICATION, DISTRIBUTION, ETC.
Place of publication, distribution, etc. [Harrisburg,
Date of publication, distribution, etc. 1928?]
300 ## - PHYSICAL DESCRIPTION
Extent 132 p. incl. front., illus., diagrs.
Dimensions 23 cm.
490 0# - SERIES STATEMENT
Series statement Pennsylvania. Dept. of Forests and Waters. Bulletin
Volume/sequential designation 45
650 #0 - SUBJECT ADDED ENTRY--TOPICAL TERM
Topical term or geographic name entry element Forests and forestry
Form subdivision Congresses.

No items available.

Powered by Koha